| 000 | 00709nam a22001817a 4500 | ||
|---|---|---|---|
| 999 |
_c17078 _d17078 |
||
| 003 | AR-CdUCM | ||
| 008 | 190507b ||||| |||| 00| 0 spa d | ||
| 040 |
_aMUNICIPALIDAD PROVINCIAL DEL CUSCO _cBIBLIOTECA MUNICIPAL DEL CUSCO |
||
| 082 |
_a143 / _bD66 |
||
| 100 |
_aJuan Rosales (prologo) _936909 |
||
| 245 | _aEl diálogo de la época Católicos y Marxistas / | ||
| 260 |
_aBuenos Aires : _bPlatina, _c1965. |
||
| 300 |
_a317 páginas ; _c21 |
||
| 440 |
_aHechos, ideas y ciencia _936910 |
||
| 505 | _aUn marxista ante hechos nuevos de pensamiento y de conciencia religiosa -- Manifiesto de los comunistas -- La relación de los católicos en la historia del PCI... | ||
| 942 |
_2ddc _cLIBROS |
||
| 945 | _awfj | ||